000 00279nam a22001217a 4500
041 _aENG
100 _aAmarnath .J.S
245 _aAgri Business Management
260 _aDelhi
_bSatish Serial Publishing House
_c2008
300 _a395
650 _aGAE
856 _uNot to be Issued
999 _c686
_d686